Tilastot visalle Yhdistetyt valtiot #2

Klikkaa tästä pelataksesi tätä visaa!

Yleistilastot

  • Tätä visaa on pelattu 702 kertaa
  • Keskiarvotulos 16 / 20

Vastaukset kartalla

Vastauksille on annettu kartalla punavihreä väri sen mukaan, kuinka moni on saanut sen oikein.
 

Vastaustilastot

Valtio% Oikein
Kiina
92%
Espanja
90%
Pohjois-Korea
88%
Portugali
88%
Kolumbia
86%
Venezuela
86%
Thaimaa
85%
Myanmar
84%
Itävalta
83%
Unkari
80%
Indonesia
79%
Irak
79%
Papua-Uusi-Guinea
79%
Saudi-Arabia
79%
Kreikka
74%
Namibia
74%
Albania
73%
Botswana
71%
Eritrea
64%
Etiopia
64%

Tulosjakauma

Persentiili vastausten määrän mukaan

Jokaisen tuloksen saaneiden osuus

Tuloshistoriasi

Et ole pelannut tätä visaa